000 00947cab a2200253 4500
001 ABS59821
008 090401t1998 xxu||||| |||| 00| 0 eng d
035 _a(Sirsi) u90195
041 _aeng
100 _aHeller, L.
245 _aSubrogation: the tenants nightmare
260 _c1998
350 _a0
490 _aEstates Gazette
_v9849 5 December 1998, 151(1)
520 _aIn a landlord and tenant situation examines the insurer`s right of subrogation which entitles an insurer to sue for the cost of reinstatement it paid out under a policy. In most modern leases `damage by insured risks` arrangements will dispose of claims by an insurer under subrogated rights. Advises on drawing up tenancy agreements.
650 _aINSURANCE POLICIES
650 _aINSURERS
650 _aNEGLIGENCE
650 _aPROTECTION
650 _aSUBROGATION
690 _aPROPERTY-LANDLORD AND TENANT
942 _n0
948 _c08/12/1998
999 _c57147
_d57147